Cartas de Clash Royale más rápidas - Estadísticas

Estadísticas generales
  • Esta prueba ha sido intentada 64 veces
  • La puntuación promedio es 7 de 12
Estadísticas de respuestas
Elixir Respuesta % Correcto
1 Espíritu de hielo
86%
4 Montapuercos
86%
1 Espíritu de fuego
84%
1 Espíritu eléctrico
80%
1 Espíritu sanador
70%
2 Duendes
66%
2 Rompemuros
61%
3 Duende lanzadardos
45%
2 Duendes con lanza
45%
5 Cerdos reales
36%
4 Leñador
36%
2 Murciélagos
30%
No se encontraron pruebas coincidentes
Distribución de puntuación
Porcentaje de gente con cada puntuación
Porcentaje por número respondido
Historial de tus puntuaciones
No has intentado esta prueba.